Loading...
| Current Events | 1 | 20.00 | 100% | 100% | 0% |
| Fine Arts - Classical Music | 1 | 20.00 | 100% | 100% | 0% |
| Fine Arts - Other | 3 | 6.67 | 67% | 0% | 0% |
| Fine Arts - Painting and Sculpture | 3 | 6.67 | 67% | 0% | 0% |
| Geography | 1 | 20.00 | 100% | 100% | 0% |
| History - American | 6 | 20.00 | 100% | 67% | 33% |
| History - European | 6 | 13.33 | 100% | 17% | 17% |
| History - Other | 4 | 10.00 | 100% | 0% | 0% |
| History - World | 1 | 20.00 | 100% | 100% | 0% |
| Literature - American | 2 | 15.00 | 100% | 50% | 0% |
| Literature - British | 2 | 5.00 | 50% | 0% | 0% |
| Literature - European | 5 | 14.00 | 100% | 40% | 0% |
| Literature - World | 4 | 10.00 | 75% | 25% | 0% |
| Mythology | 6 | 18.33 | 100% | 50% | 33% |
| Other Academic | 1 | 20.00 | 100% | 100% | 0% |
| Philosophy | 5 | 14.00 | 100% | 40% | 0% |
| Pop Culture | 3 | 13.33 | 100% | 33% | 0% |
| Religion | 3 | 16.67 | 100% | 33% | 33% |
| Science - Biology | 3 | 10.00 | 100% | 0% | 0% |
| Science - Chemistry | 3 | 16.67 | 100% | 67% | 0% |
| Science - Other | 4 | 17.50 | 100% | 75% | 0% |
| Science - Physics | 5 | 12.00 | 100% | 20% | 0% |
| Social Science | 4 | 12.50 | 100% | 25% | 0% |